| 000 | 00634nam a2200217 i 4500 | ||
|---|---|---|---|
| 001 | bg | ||
| 100 | 1 | _aŻYNIEWICZ, Maciej | |
| 245 | 1 | 0 |
_aVademecum przyszłego emeryta / _cMaciej Żyniewicz, Dariusz Załupka. |
| 260 |
_aWrocław : _bNETNET, _c2000. |
||
| 300 |
_a148 s. ; _c24 cm. |
||
| 504 | _aBibliogr. s. 147-148. | ||
| 650 | 9 |
_aEmerytura _xreforma _zPolska _yod 1989 r. |
|
| 650 | 9 |
_aEmerytura _xprawo _zPolska _ystan na 2000 r. |
|
| 655 | _aPoradniki | ||
| 700 | 1 | _aZAŁUPKA, Dariusz | |
| 040 | _cBPK | ||
| 041 | 0 | _apl | |
| 080 | _a369.5+368.91](438)"1989/..." | ||
| 942 | _cKS | ||
| 008 | s pl f |000 0 pol | ||
| 999 |
_c37377 _d37377 |
||
| 856 |
_uhttp://koha.tu.koszalin.pl/cgi-bin/koha/opac-detail.pl?biblionumber=37377 _yKatalog online BPK |
||